| 000 | 00981nam a2200241 a 4500 | ||
|---|---|---|---|
| 001 | 49247 | ||
| 003 | BD-RjUL | ||
| 005 | 20211209054644.0 | ||
| 008 | 160818s1982 b ||||| |||| 00| 0 eng d | ||
| 020 | _c : Tk.50.00 | ||
| 035 | _a(BD-RjUL)49366 | ||
| 040 |
_aBD-RjUL _bben _cBD-RjUL |
||
| 041 | _aben | ||
| 082 |
_223 _a657.42 _bMIU 1982 |
||
| 100 | 1 |
_aমিয়া, মোহাম্মাদ লোকমান _9147989 |
|
| 245 | 1 | 0 |
_aউৎপাদন ব্যয় হিসাব বিজ্ঞান : _bনীতিমালা ও বাস্তব প্রয়োগ / _cমোহাম্মাদ লোকমান মিয়া |
| 260 |
_aঢাকা : _bবাংলা একাডেমী, _c১৯৮২. |
||
| 300 |
_aখণ্ড ; _c২৪ সেমি. |
||
| 505 | _aখণ্ড --১,খণ্ড--২য | ||
| 650 |
_aউৎপাদন ব্যয় হিসাব _9146281 |
||
| 650 |
_acost accounting _9147990 |
||
| 942 |
_2ddc _cBK |
||
| 999 |
_c49247 _d49247 |
||